| 000 | 01325cam a2200385 a 4500 | ||
|---|---|---|---|
| 001 | 15875727 | ||
| 003 | LC | ||
| 005 | 20160317145606.0 | ||
| 008 | 090820t20091999nyu d 000 1 eng d | ||
| 010 | _a 2009502164 | ||
| 020 | _a9780439640107 | ||
| 035 | _a(OCoLC)ocn259265889 | ||
| 040 |
_aBTCTA _cBTCTA _dIUK _dIHI _dJAG _dNDI _dPFO _dXY4 _dDLC |
||
| 042 | _alccopycat | ||
| 050 | 0 | 0 |
_aPZ 7 _b.An545 2003 |
| 082 |
_aFIC _bAn1 1999 |
||
| 100 | 1 |
_aAnderson, Laurie Halse. _918494 |
|
| 245 | 1 | 0 |
_aSpeak / _cLaurie Halse Anderson. |
| 250 | _a10th anniversary ed. | ||
| 260 |
_aNew York : _bScholastic Inc., _cc2003. |
||
| 300 |
_a197 p. : _c21 cm. |
||
| 650 | 0 |
_aTeenage girls _vJuvenile fiction. _918495 |
|
| 650 | 0 |
_aSocial isolation _vJuvenile fiction. _918496 |
|
| 650 | 0 |
_aHigh schools _vJuvenile fiction. _918497 |
|
| 650 | 0 |
_aRape _vJuvenile fiction. _918498 |
|
| 650 | 1 |
_aTeenage girls _vFiction. _918499 |
|
| 650 | 1 |
_aEmotional problems _vFiction. _918500 |
|
| 650 | 1 |
_aHigh schools _vFiction. _918501 |
|
| 650 | 1 |
_aRape _vFiction. _918502 |
|
| 655 | 0 |
_aYoung adult fiction. _93735 |
|
| 906 |
_a7 _bcbc _ccopycat _d2 _encip _f20 _gy-gencatlg |
||
| 942 |
_2lcc _cBK |
||
| 999 |
_c10981 _d10981 |
||